000 00359 a2200169 4500
001 50316
020 _a8516032671
040 _cAnchieta - Bela Vista
100 _aMuniz, Flávia
240 1 0 _aA caixa maluca
_l
245 1 0 _aA caixa maluca
300 _a31
362 0 _a2002
440 1 _aModerna
650 4 _aLiteratura infanto-juvenil
942 _cBK
999 _c50316
_d50316